International statebuilding : (Record no. 16373)
[ view plain ]
| 000 -LEADER | |
|---|---|
| fixed length control field | 01773cam a2200349 a 4500 |
| 001 - CONTROL NUMBER | |
| control field | 16060908 |
| 005 - DATE AND TIME OF LATEST TRANSACTION | |
| control field | 20110106124530.0 |
| 008 - FIXED-LENGTH DATA ELEMENTS--GENERAL INFORMATION | |
| fixed length control field | 100120s2010 enk b 001 0 eng |
| 020 ## - INTERNATIONAL STANDARD BOOK NUMBER | |
| International Standard Book Number | 9780415421171 (hardback) |
| 020 ## - INTERNATIONAL STANDARD BOOK NUMBER | |
| International Standard Book Number | 0415421179 (hardback) |
| 020 ## - INTERNATIONAL STANDARD BOOK NUMBER | |
| International Standard Book Number | 9780415421188 (pbk.) |
| 020 ## - INTERNATIONAL STANDARD BOOK NUMBER | |
| International Standard Book Number | 0415421187 (pbk.) |
| 020 ## - INTERNATIONAL STANDARD BOOK NUMBER | |
| International Standard Book Number | 9780203847329 (ebook) |
| 020 ## - INTERNATIONAL STANDARD BOOK NUMBER | |
| International Standard Book Number | 0203847326 (ebook) |
| 035 ## - SYSTEM CONTROL NUMBER | |
| System control number | (OCoLC)ocn501321094 |
| 040 ## - CATALOGING SOURCE | |
| Original cataloging agency | DLC |
| Transcribing agency | DLC |
| Modifying agency | BWK |
| -- | LGG |
| -- | YDXCP |
| -- | C#P |
| -- | BWX |
| -- | DLC |
| 082 00 - DEWEY DECIMAL CLASSIFICATION NUMBER | |
| Classification number | 327.1 |
| Edition number | 22 |
| Item number | CHA |
| 100 1# - MAIN ENTRY--PERSONAL NAME | |
| Personal name | Chandler, David, |
| Dates associated with a name | 1962- |
| 9 (RLIN) | 28553 |
| 245 10 - TITLE STATEMENT | |
| Title | International statebuilding : |
| Remainder of title | the rise of post-liberal governance / |
| Statement of responsibility, etc | David Chandler. |
| 260 ## - PUBLICATION, DISTRIBUTION, ETC. (IMPRINT) | |
| Place of publication, distribution, etc | London ; |
| -- | New York : |
| Name of publisher, distributor, etc | Routledge, |
| Date of publication, distribution, etc | 2010. |
| 300 ## - PHYSICAL DESCRIPTION | |
| Extent | x, 218 p. ; |
| Dimensions | 22 cm. |
| 490 1# - Series Statement | |
| Series statement | Critical issues in global politics ; |
| Volume/sequential designation | 2 |
| -- | 28554 |
| 504 ## - BIBLIOGRAPHY, ETC. NOTE | |
| Bibliography, etc | Includes bibliographical references and index. |
| 505 0# - FORMATTED CONTENTS NOTE | |
| Formatted contents note | The statebuilding paradigm -- The "liberal peace" critique of international intervention -- Rethinking the state -- Post-liberal governance -- The EU's export of "the rule of law" and "good governance" -- Security and statebuilding : from intervention to prevention -- Development as freedom : from colonialism to climate change -- Race, culture and civil society : statebuilding and the privileging of difference. |
| 650 #0 - SUBJECT ADDED ENTRY--TOPICAL TERM | |
| Topical term or geographic name as entry element | Nation-building. |
| 9 (RLIN) | 28555 |
| 650 #0 - SUBJECT ADDED ENTRY--TOPICAL TERM | |
| Topical term or geographic name as entry element | Intervention (International law) |
| 9 (RLIN) | 28556 |
| 653 ## - INDEX TERM--UNCONTROLLED | |
| Resource For college | |
| Arrived date list | February2012 |
| 830 #0 - SERIES ADDED ENTRY--UNIFORM TITLE | |
| Uniform title | Critical issues in global politics ; |
| Volume number/sequential designation | 2. |
| 9 (RLIN) | 28557 |
| 942 ## - ADDED ENTRY ELEMENTS (KOHA) | |
| Source of classification or shelving scheme | Dewey Decimal Classification |
| Item type | Book - Borrowing |
| Withdrawn status | Item status | Source of classification or shelving scheme | Materials specified (bound volume or other part) | Damaged status | Not for loan | Vendor | Home library | Current library | Shelving location | Date acquired | Source of acquisition | Cost, normal purchase price | Serial Enumeration / chronology | Total Checkouts | Total Renewals | Full call number | Barcode | Date last seen | Date last borrowed | Koha item type |
|---|---|---|---|---|---|---|---|---|---|---|---|---|---|---|---|---|---|---|---|---|
| Dewey Decimal Classification | Lost_In_Inventory_11-6-2024 | Baccah | Central Library | Central Library | First floor | 01/02/2012 | 266.00 | 13955 | 2 | 1 | 327.1 CHA | 000025966 | 15/07/2025 | 01/02/2017 | Book - Borrowing |